Pretty Little Liars Quiz - Statistics

General Stats
  • This quiz has been taken 499 times
  • The average score is 10 of 15
Answer Stats
Hint Answer % Correct
Who got the first A message Aria
93%
What is Aria's last name? Montgomery
93%
Who is A in season 1? Mona
92%
Where do the girls live? Rosewood
92%
What is the name of Aria's brother? Mike
89%
Where did Aria come home from on the first episode of the show? Iceland
85%
What is the name of the school the girls go to? Rosewood High
85%
Who is Emily's ex-boyfriend? Ben
79%
who is A in season 2? Toby
71%
Who's mom is arrested for murder? Hanna's
61%
What is the name of the first episode of PLL? Pilot
56%
Who is Emily's first girlfriend? Paige
52%
What is the name of Hanna's parents? Ashley & Tom
32%
What is Alison's middle name? Lauren
28%
What is Emily's middle name? Catherine
16%
No matching quizzes found
Score Distribution
Percent of People with Each Score
Percentile by Number Answered
Your Score History
You have not taken this quiz